LIBRARY & INFORMATION CENTRE, KCAET, TAVANUR

ONLINE PUBLIC ACCESS CATALOGUE (OPAC)

CRC hand book of processing and utilization in agriculture : Animal products vol-1 / (Record no. 6745)

MARC details
000 -LEADER
fixed length control field 00441cam a2200157ua 4500
041 ## - LANGUAGE CODE
Language code of text/sound track or separate title eng
082 ## - DEWEY DECIMAL CLASSIFICATION NUMBER
Classification number 028.71664
Item number WOL/CR
100 ## - MAIN ENTRY--AUTHOR NAME
Personal name Wolff, Ivan A .
245 ## - TITLE STATEMENT
Title CRC hand book of processing and utilization in agriculture : Animal products vol-1 /
250 ## - EDITION STATEMENT
Edition statement 1 /
260 ## - PUBLICATION, DISTRIBUTION, ETC. (IMPRINT)
Place of publication Florida :
Name of publisher C R C press ,
Year of publication 1982.
300 ## - PHYSICAL DESCRIPTION
Number of Pages 648 ; .
942 ## - ADDED ENTRY ELEMENTS (KOHA)
Koha item type Books
Holdings
Withdrawn status Lost status Damaged status Home library Current library Date acquired Full call number Accession Number Koha item type
      KAUAET   07/04/2012 028.71664 19652 Books
free website counter